00642 2200217 4500001002100000005001500021035002000036007000300056008004100059020002200100082001000122084001600132100003100148245006900179250000600248260003600254300004700290700002400337650004600361990001700407INLIS00000000000110920260519081547 a0010-0923000094ta260519 j 0 ind  a978-602-8798-42-6 a550.3 a550.3 ANN m0 aAnna Fauziah { Pengarang )1 aMiracles of Quran :bbiology /cAnna Fauziah ; Editor , Ratna SN a- aJakarta :bPustaka Lebah,c2013 a40 :bilus. ;gambar berwarna ;c28.5 cme-0 aRatna SN ( Editor ) 4aIslam - Sejarah - Zaman Nabi Muhammad SAW a00036/K/2014